quiz o samolotach - Statystyki

Ogólne statystyki
  • Ten quiz został rozwiązany 255 razy
  • Średni wynik to 6 z 10
Statystyki odpowiedzi
jaki to tu odpowiedzi % Poprawnych
największy boeing B747
92%
najnowszy pasażerski boeing 787
86%
największy airbus A380
79%
NAJpopularniejsza marka samolotów boeing
74%
ilość katastrof lotniczych w zeszłym roku 2
66%
najszybszy samolot na świecie SR-72
62%
największe polskie lotnisko lotnisko chopina
55%
pierwszy airbus serii 300 A300
52%
pierwszy boeing serii 7x7 B707
48%
rok najbardziej znanej katastrofy lotniczej 1977
35%
Nie znaleziono quizów pasujących do podanych kryteriów
Rozkład punktacji
Procent ludzi z każdym wynikiem
Percentyl według liczby udzielonych odpowiedzi
Twoja historia wyników
Nie rozwiązałeś tego quizu